02608nam a22004217a 4500003000400000005001700004008004100021020001800062040000700080245021500087260004300302300001900345310001800364362001700382505009500399505018000494505004800674505007800722505005100800505024300851505005001094505007401144505011501218505009401333505007901427505006801506505007301574505007901647505006101726505007101787505008301858505007001941650002902011650002302040650005202063700003202115700003902147OSt20260309135715.0190228c xxut||p| |||| 00| 0 spa d a9789873048555 cPJ10aRevista de derecho privado y comunitario :bdiez años de vigencia del Código Civil y Comercial de la Nación. Persona y Derecho de las Familias - I /cHéctor Alegría, Jorge Mosset Iturraspe directores. aSanta Fé :bRubinzal-Culzoni,c2025. a640 p.c22 cm. acuatrimestral aNo. 1 (2025) tLa inviolabilidad de la persona humana. afectaciones a la dignidad /rr Sandra M. Wierzba. tConsentimiento para los actos médicos e investigaciones en la salud bases para su abordaje desde el código civil y comercial balances y perspectivas /rFederico A. Ossola. tSalud mental y capacidad /r Luz M. Pagano. tAutonomía progresiva y derecho de comunicación /rAdriana N. Krasnow. tModificaciones al nombre /rr Carolina Duprat. tEl corrimiento del velo societario frente a la utilización desviada de las estructuras societarias en las relaciones de familia - semblanza a partir de las experiencias en materia laboral y de defensa del consumidor /rr Emilio F. Moro. tAsociaciones civiles /rEdgardo Ignacio Saux. tParte general /r Julio César Rivera Colaborador: Diego M. Fissore. tObligaciones /t: Alberto J. Bueres Colaborador: Carlos Reyna.r: Alberto J. Bueres Colaborador: Carlos Reyna. tContratos /r Ricardo Luis Lorenzetti y Gonzalo Sozzo Colaborador: Mariano L. Churruarin. tDerechos reales /rLeopoldo L. Peralta Mariscal Colaboradora: Mariana Rey. tFamilias /rAída Kemelmajer Colaboradora: María Angélica. tSucesiones /rGraciela Medina Colaboradora: Andrea Inés Podestá. tConcursos /r José A. Di Tullio Colaborador: Eduardo Néstor Chiavassa. tSeguros /rHoracio Roitman Colaborador:JoséA.DiTullio. tSociedades /rHéctor Alegria Colaborador: Nicolás J. Di Lella. tDerecho cambiario /rIván G. Di Chiazza Colaborador: José Ignacio Pastore. tDerechos humanos /r Graciela Medina Colaboradora: Gabriela Yuba. 0aCODIGO CIVIL Y COMERCIAL 0aDERECHO DE FAMILIA 0aDERECHOS DE LAS NIÑAS, NIÑOS Y ADOLESCENTES aAlegria, Héctoredirector aMosset Iturraspe, Jorge edirector